Welcome to WEB OPAC of MRSPTU Central Library

Introduction to Biostatistics and Computer Science (Record no. 7299)

MARC details
000 -LEADER
fixed length control field 00485nam a2200181Ia 4500
008 - FIXED-LENGTH DATA ELEMENTS--GENERAL INFORMATION
fixed length control field 230711s9999||||xx |||||||||||||| ||und||
020 ## - INTERNATIONAL STANDARD BOOK NUMBER
International Standard Book Number 978-81-85790-33-6
041 ## - LANGUAGE CODE
Language code of text/sound track or separate title ENG
082 ## - DEWEY DECIMAL CLASSIFICATION NUMBER
Classification number 570.15195
Item number SH-B
100 ## - MAIN ENTRY--PERSONAL NAME
Personal name Shah,Y.I
245 #0 - TITLE STATEMENT
Title Introduction to Biostatistics and Computer Science
Remainder of title For Pharmacy and Medical Students
250 ## - EDITION STATEMENT
Edition statement 5th Ed.
260 ## - PUBLICATION, DISTRIBUTION, ETC.
Date of publication, distribution, etc. 2017
Place of publication, distribution, etc. Pune
Name of publisher, distributor, etc. Nirali Prakashan
300 ## - PHYSICAL DESCRIPTION
Extent 12.31p.
650 ## - SUBJECT ADDED ENTRY--TOPICAL TERM
Topical term or geographic name entry element Pharmacy
700 ## - ADDED ENTRY--PERSONAL NAME
Personal name Paradkar,A.R
942 ## - ADDED ENTRY ELEMENTS (KOHA)
Koha item type Book
Holdings
Withdrawn status Lost status Damaged status Not for loan Collection Home library Current library Date acquired Source of acquisition Cost, normal purchase price Inventory number Total checkouts Full call number Barcode Date last seen Date last checked out Price effective from Koha item type
          MRSPTU Central Library MRSPTU Central Library 10/03/2043 Krishna Book Distributors 235.00 KBD/2017-2018/1020743059 1 570.15195 SH-B P1015 03/17/2025 02/20/2025 08/17/2023 Book
          MRSPTU Central Library MRSPTU Central Library 10/03/2043 Krishna Book Distributors 235.00 KBD/2017-2018/1020743059   570.15195 SH-B P1016 08/17/2023   08/17/2023 Book
          MRSPTU Central Library MRSPTU Central Library 10/03/2043 Krishna Book Distributors 235.00 KBD/2017-2018/1020743059   570.15195 SH-B P1017 08/17/2023   08/17/2023 Book

Website Designed and Developed by MRSPTU Central Library Team

E-mail Id: librarian@mrsptu.ac.in